000 00733nam a2200229Ia 4500
001 9035
003 GE_BSU
008 181216s||||||||xx |||||||||||||| ||und||
040 _cGE_BSU
080 _a821.353.1–31
100 _aკობიძე,რამაზ
245 _aგვიმრის ფოთლები
245 _bრომანი წ.2
245 _cრედ.ლ.თურმანიძე.მხატვ.ი.დივნოგორცევა–გრიგოლა
260 _aთბილისი
260 _bმერანი
260 _c1983
300 _a284გვ.21სმ.
653 _aგვიმრის ფოთლები
653 _aრომანი
942 _cBK
999 _c42339
_d42339